[Event "Bundesliga 2021-22"]
[Site "Berlin GER"]
[Date "2022.07.07"]
[Round "11.5"]
[Board "8"]
[White "Watson, William N"]
[Black "Wachinger, Nikolas"]
[Result "1/2-1/2"]
[WhiteTitle "GM"]
[WhiteElo "2490"]
[BlackElo "2376"]
[WhiteTeam "Muenchener Schachclub 1836"]
[BlackTeam "SV Werder Bremen"]
[WhiteFideId "400157"]
[BlackFideId "12962791"]
[EventDate "2022.03.05"]

1. e4 e5 2. Nc3 Nf6 3. g3 Bc5 4. Bg2 c6 5. d3 d5 6. exd5 cxd5 7. Bg5 Be6 8. Bxf6
Qxf6 9. Qf3 Qxf3 10. Nxf3 Nc6 11. Ng5 Rd8 12. a3 Nd4 13. Kd2 O-O 14. Rae1 e4 15.
Nxe6 Nxe6 16. Nd1 f5 17. c3 Be7 18. Kc2 Bg5 19. f3 exd3+ 20. Kxd3 Nc5+ 21. Kc2
f4 22. Nf2 fxg3 23. hxg3 d4 24. cxd4 Rxd4 25. Rd1 Be3 26. Rxd4 Bxd4 27. Nd3 Nxd3
28. Kxd3 Bxb2 29. Rb1 Rd8+ 30. Kc2 Bxa3 31. Rxb7 a5 32. Bf1 Bd6 33. Ra7 Bxg3 34.
Bc4+ Kh8 35. Rxa5 g6 36. Ra7 Bf4 37. Rf7 Be5 38. Re7 Bg7 39. Bb5 Bf8 40. Re8
Rxe8 41. Bxe8 Kg7 42. Kd3 Kf6 43. Ke2 Bd6 44. Kf2 h5 45. Kg2 h4 46. Bd7 g5 1/2-1/2

[Event "Bundesliga 2021-22"]
[Site "Berlin GER"]
[Date "2022.07.07"]
[Round "11.6"]
[Board "1"]
[White "Navara, David"]
[Black "Huschenbeth, Niclas"]
[Result "1/2-1/2"]
[WhiteTitle "GM"]
[BlackTitle "GM"]
[WhiteElo "2700"]
[BlackElo "2611"]
[WhiteTeam "SV Muelheim Nord"]
[BlackTeam "FC Bayern Muenchen"]
[WhiteFideId "309095"]
[BlackFideId "24604747"]
[EventDate "2022.03.05"]

1. e4 e5 2. Nf3 Nf6 3. Nxe5 d6 4. Nf3 Nxe4 5. d4 d5 6. Bd3 Bd6 7. O-O O-O 8. c4
c6 9. Qc2 Na6 10. a3 Bg4 11. Ne5 Bf5 12. f3 Bxe5 13. dxe5 Qb6+ 14. c5 Nexc5 15.
Bxf5 Nb3+ 16. Kh1 g6 17. Ra2 Nd4 18. Qd1 Nxf5 19. b4 Nc7 20. Re1 Ne6 21. g4 Nfg7
22. f4 f5 23. exf6 Rxf6 24. Rf1 Raf8 25. Raf2 Qc7 26. f5 gxf5 27. g5 R6f7 28.
Rg1 f4 29. Nd2 Qb6 30. Qf1 a5 31. Nf3 Re7 32. g6 h6 33. Re2 Qb5 34. bxa5 Rfe8
35. Qe1 Qd3 36. Ne5 Qh3 37. Ng4 Nd4 38. Rxe7 Qf3+ 39. Rg2 Rxe7 40. Qxe7 Qf1+ 1/2-1/2

[Event "Bundesliga 2021-22"]
[Site "Berlin GER"]
[Date "2022.07.07"]
[Round "11.6"]
[Board "2"]
[White "Santos Ruiz, Miguel"]
[Black "Dardha, Daniel"]
[Result "1/2-1/2"]
[WhiteTitle "GM"]
[BlackTitle "GM"]
[WhiteElo "2597"]
[BlackElo "2540"]
[WhiteTeam "FC Bayern Muenchen"]
[BlackTeam "SV Muelheim Nord"]
[WhiteFideId "22291482"]
[BlackFideId "240990"]
[EventDate "2022.03.05"]

1. e4 e5 2. Nf3 Nc6 3. Bc4 Bc5 4. d3 Nf6 5. O-O d6 6. c3 O-O 7. Re1 a5 8. h3 h6
9. a4 Ba7 10. Nbd2 Be6 11. Bxe6 fxe6 12. Nf1 Nh5 13. Be3 Bxe3 14. Rxe3 Nf4 15.
Kh2 Qf6 16. g3 Nh5 17. Kg2 Qg6 18. Nh4 Qf7 19. Nf3 Qg6 20. Kh1 Qf7 21. N1h2 Nf6
22. Qb3 b6 23. Rc1 Kh7 24. Qb5 Na7 25. Qb3 Nc6 26. Qc4 Qd7 27. Qb5 Rad8 28. Kg2
Ne7 29. d4 Qxb5 30. axb5 Ng6 31. dxe5 dxe5 32. Ng4 Ne8 33. c4 Nd6 34. Ngxe5 Nxe5
35. Nxe5 Nb7 36. Nd3 Rd4 37. Rc3 Nd6 38. e5 Ne4 39. Rc2 Rfd8 40. c5 Nxg3 41.
Rxg3 Rxd3 42. cxb6 cxb6 43. Rc6 Rxg3+ 44. Kxg3 Rd5 45. Rxb6 1/2-1/2

[Event "Bundesliga 2021-22"]
[Site "Berlin GER"]
[Date "2022.07.07"]
[Round "11.6"]
[Board "3"]
[White "Tregubov, Pavel V."]
[Black "Bogner, Sebastian"]
[Result "1/2-1/2"]
[WhiteTitle "GM"]
[BlackTitle "GM"]
[WhiteElo "2539"]
[BlackElo "2573"]
[WhiteTeam "SV Muelheim Nord"]
[BlackTeam "FC Bayern Muenchen"]
[WhiteFideId "4115341"]
[BlackFideId "4692055"]
[EventDate "2022.03.05"]

1. e4 c5 2. Nf3 e6 3. c3 d5 4. e5 d4 5. d3 Nc6 6. g3 Nge7 7. Bg2 dxc3 8. bxc3 b6
9. O-O Bb7 10. Na3 Nd5 11. Bb2 Be7 12. Qe2 O-O 13. Rfd1 Qb8 14. c4 Ndb4 15. Nb5
Rd8 16. h4 Rd7 17. a3 Na6 18. Rd2 Nc7 19. Qe3 Nxb5 20. cxb5 Na5 21. Rc2 a6 22.
bxa6 Bxa6 23. Rc3 Nc6 24. Rd1 Qd8 25. Ng5 Bb5 26. Be4 Bxg5 27. hxg5 Ra4 28. Rb3
Bc4 29. Bxc6 Bxb3 30. Rd2 Raa7 31. d4 Ba4 32. Bxd7 Rxd7 33. Bc3 Bc6 34. dxc5
Rxd2 35. Qxd2 Qxd2 1/2-1/2

[Event "Bundesliga 2021-22"]
[Site "Berlin GER"]
[Date "2022.07.07"]
[Round "11.6"]
[Board "4"]
[White "Dragnev, Valentin"]
[Black "Beerdsen, Thomas"]
[Result "0-1"]
[WhiteTitle "GM"]
[BlackTitle "IM"]
[WhiteElo "2546"]
[BlackElo "2496"]
[WhiteTeam "FC Bayern Muenchen"]
[BlackTeam "SV Muelheim Nord"]
[WhiteFideId "1634852"]
[BlackFideId "1030108"]
[EventDate "2022.03.05"]

1. d4 Nf6 2. c4 e6 3. Nc3 Bb4 4. a3 Bxc3+ 5. bxc3 c5 6. f3 O-O 7. e4 b6 8. e5
Ne8 9. f4 Ba6 10. Bd3 d5 11. cxd5 Qxd5 12. Nf3 Bxd3 13. Qxd3 cxd4 14. cxd4 Nc6
15. O-O f5 16. Bd2 Nc7 17. Rac1 Rac8 18. Rc2 Rf7 19. Rfc1 Ne8 20. h3 Rfc7 21.
Kf2 h6 22. g4 Ne7 23. Rxc7 Rxc7 24. Rxc7 Nxc7 25. Bb4 Ng6 26. gxf5 Nxf4 27. Qc2
Nb5 28. Qd2 Nxh3+ 29. Kg3 Ng5 30. Nxg5 hxg5 31. fxe6 Nxd4 32. Qxg5 Qf3+ 33. Kh2
Nxe6 34. Qe7 Qh5+ 35. Kg2 Qg4+ 36. Kf2 Qf5+ 37. Kg2 Nf4+ 38. Kg3 Ne2+ 39. Kg2
Nf4+ 40. Kg3 Ng6 41. Qe8+ Kh7 42. e6 a5 43. Be1 Qe5+ 44. Kf2 Nf4 45. e7 Qe2+ 46.
Kg3 Nh5+ 47. Kh3 Nf6 48. Qa4 Qxe1 49. Qc2+ Kh6 0-1

[Event "Bundesliga 2021-22"]
[Site "Berlin GER"]
[Date "2022.07.07"]
[Round "11.6"]
[Board "5"]
[White "Vrolijk, Liam"]
[Black "Bischoff, Klaus"]
[Result "1-0"]
[WhiteTitle "IM"]
[BlackTitle "GM"]
[WhiteElo "2476"]
[BlackElo "2493"]
[WhiteTeam "SV Muelheim Nord"]
[BlackTeam "FC Bayern Muenchen"]
[WhiteFideId "1048333"]
[BlackFideId "4600045"]
[EventDate "2022.03.05"]

1. d4 e6 2. c4 Nf6 3. g3 Bb4+ 4. Bd2 Be7 5. Bg2 d5 6. Nf3 O-O 7. O-O Nbd7 8. Qc2
c6 9. Rd1 b5 10. c5 a5 11. Bf4 Ba6 12. Nbd2 Nh5 13. e3 Nxf4 14. exf4 Qc7 15. Re1
Rfe8 16. Bf1 Bc8 17. Bd3 Nf8 18. Re3 f6 19. Rae1 Bd8 20. Kg2 Qf7 21. h4 Ra7 22.
h5 Rae7 23. Rh1 Bc7 24. Nh4 e5 25. fxe5 fxe5 26. Rf3 Qe6 27. Bf5 Qh6 28. Bxc8 e4
29. Rxf8+ Rxf8 30. Nf5 Rxf5 31. Bxf5 Qf6 32. Bg4 e3 33. Nf3 1-0

[Event "Bundesliga 2021-22"]
[Site "Berlin GER"]
[Date "2022.07.07"]
[Round "11.6"]
[Board "6"]
[White "Lokander, Martin"]
[Black "Zelbel, Patrick"]
[Result "1/2-1/2"]
[WhiteTitle "IM"]
[BlackTitle "IM"]
[WhiteElo "2475"]
[BlackElo "2458"]
[WhiteTeam "FC Bayern Muenchen"]
[BlackTeam "SV Muelheim Nord"]
[WhiteFideId "1709569"]
[BlackFideId "24624322"]
[EventDate "2022.03.05"]

1. d4 Nf6 2. Nf3 g6 3. c4 Bg7 4. Nc3 d6 5. Bg5 O-O 6. e3 c5 7. d5 h6 8. Bh4 g5
9. Bg3 Nh5 10. Nd2 Nxg3 11. hxg3 e6 12. Bd3 exd5 13. cxd5 Nd7 14. Nc4 Nb6 15.
Nxb6 Qxb6 16. Qc2 f5 17. O-O-O Qb4 18. a3 Qa5 19. f4 Bd7 20. fxg5 c4 21. Be2
Rae8 22. gxh6 Bxc3 23. Qxc3 Qxc3+ 24. bxc3 Rxe3 25. Kd2 Rfe8 26. Rde1 Kh7 27.
Bxc4 Rxe1 28. Rxe1 Rxe1 29. Kxe1 Kxh6 30. Kf2 Kg5 31. Kf3 Ba4 32. Be2 Bb3 33. c4
b6 34. Ke3 Ba4 35. Kd4 Bd7 36. Bd1 Bc8 37. Ke3 Bd7 38. Kf3 Be8 39. Ke3 Bd7 40.
Kd4 Bc8 41. Kc3 Bd7 42. Kb4 Be8 43. Kc3 Bd7 44. Kd4 1/2-1/2

[Event "Bundesliga 2021-22"]
[Site "Berlin GER"]
[Date "2022.07.07"]
[Round "11.6"]
[Board "7"]
[White "Buckels, Valentin"]
[Black "Kurmann, Oliver"]
[Result "1-0"]
[WhiteTitle "IM"]
[BlackTitle "IM"]
[WhiteElo "2454"]
[BlackElo "2462"]
[WhiteTeam "SV Muelheim Nord"]
[BlackTeam "FC Bayern Muenchen"]
[WhiteFideId "12942766"]
[BlackFideId "1308173"]
[EventDate "2022.03.05"]

1. d4 Nf6 2. Bf4 e6 3. e3 Be7 4. c4 d5 5. Nc3 O-O 6. Rc1 b6 7. cxd5 exd5 8. Bd3
c5 9. Nf3 Bb7 10. O-O Na6 11. Bb1 Nc7 12. Ne5 Ne6 13. Bg3 a6 14. a4 Re8 15. Bh4
Qd6 16. Bxf6 Bxf6 17. Bxh7+ Kxh7 18. Qh5+ Kg8 19. Qxf7+ Kh7 20. Qh5+ Kg8 21.
Qf7+ Kh7 22. Qxb7 Nc7 23. dxc5 bxc5 24. Nc6 d4 25. Nxd4 Rab8 26. Ne4 Qe5 27.
Nxf6+ gxf6 28. Qa7 1-0

[Event "Bundesliga 2021-22"]
[Site "Berlin GER"]
[Date "2022.07.07"]
[Round "11.6"]
[Board "8"]
[White "Zajogin, Alexander"]
[Black "Lenaerts, Lennert"]
[Result "1/2-1/2"]
[BlackTitle "FM"]
[WhiteElo "2399"]
[BlackElo "2361"]
[WhiteTeam "FC Bayern Muenchen"]
[BlackTeam "SV Muelheim Nord"]
[WhiteFideId "13500430"]
[BlackFideId "211435"]
[EventDate "2022.03.05"]

1. d4 d5 2. Nf3 Nf6 3. e3 Bf5 4. c4 c6 5. Nbd2 e6 6. Be2 Nbd7 7. b3 Be7 8. Bb2
h6 9. O-O O-O 10. Qc1 a5 11. Bc3 Qb8 12. a4 Rc8 13. Qb2 Qc7 14. Rfc1 Qb6 15. Ne1
Ne4 16. Nxe4 Bxe4 17. Nd3 Bxd3 18. Bxd3 Bb4 19. c5 Bxc3 20. Qxc3 Qc7 21. b4 axb4
22. Qxb4 Ra5 23. Rcb1 Rb8 24. Qc3 Rba8 25. Rb4 b6 26. cxb6 Nxb6 27. Bb5 Nc4 28.
Bxc4 dxc4 29. Rxc4 R8a6 30. g3 e5 31. Rc1 exd4 32. Qxd4 Qc8 33. Rd1 Qf5 34. Qd8+
Kh7 35. Rf4 Qg6 36. Rdd4 Ra8 37. Qd6 Qxd6 38. Rxd6 R8a7 39. Rdd4 g6 40. g4 h5
41. h3 Kg7 42. Kg2 Rc5 43. Rc4 Rxc4 44. Rxc4 hxg4 45. hxg4 Kf8 46. Re4 Rb7 47.
a5 Ra7 48. Ra4 Ke7 49. f4 Kd6 50. e4 Kc5 51. e5 Kb5 52. Ra1 c5 53. f5 gxf5 54.
gxf5 c4 55. Kf3 c3 56. Ke4 Rxa5 57. Rxa5+ Kxa5 58. Kd3 Kb4 59. Kc2 1/2-1/2

[Event "Bundesliga 2021-22"]
[Site "Berlin GER"]
[Date "2022.07.07"]
[Round "11.7"]
[Board "1"]
[White "Rapport, Richard"]
[Black "Svane, Rasmus"]
[Result "1/2-1/2"]
[WhiteTitle "GM"]
[BlackTitle "GM"]
[WhiteElo "2762"]
[BlackElo "2637"]
[WhiteTeam "OSG Baden-Baden"]
[BlackTeam "Hamburger SK"]
[WhiteFideId "738590"]
[BlackFideId "4657101"]
[EventDate "2022.03.05"]

1. e4 e5 2. Nf3 Nc6 3. Bb5 a6 4. Ba4 Nf6 5. d3 b5 6. Bb3 Bc5 7. Bg5 h6 8. Bh4 g5
9. Bg3 d6 10. c3 Rb8 11. O-O Bb6 12. Nbd2 O-O 13. Re1 Ne7 14. d4 Ng6 15. Nf1 Bb7
16. Ne3 Bxe4 17. dxe5 dxe5 18. Nxe5 Qxd1 19. Raxd1 Rbe8 20. N3g4 Nxg4 21. Nxg4
Kg7 22. Ne5 Bf5 23. a4 Nxe5 24. Bxe5+ Kg6 25. h3 h5 26. Kf1 Re7 27. Bd4 Rxe1+
28. Kxe1 Re8+ 29. Kf1 c5 30. a5 cxd4 31. axb6 Rb8 32. g4 hxg4 33. Rxd4 Rxb6 34.
hxg4 Be6 35. Bxe6 Rxe6 36. c4 bxc4 37. Rxc4 Rb6 38. Ra4 Rxb2 39. Rxa6+ 1/2-1/2

[Event "Bundesliga 2021-22"]
[Site "Berlin GER"]
[Date "2022.07.07"]
[Round "11.7"]
[Board "2"]
[White "Kempinski, Robert"]
[Black "Vallejo Pons, Francisco"]
[Result "0-1"]
[WhiteTitle "GM"]
[BlackTitle "GM"]
[WhiteElo "2568"]
[BlackElo "2704"]
[WhiteTeam "Hamburger SK"]
[BlackTeam "OSG Baden-Baden"]
[WhiteFideId "1105663"]
[BlackFideId "2205530"]
[EventDate "2022.03.05"]

1. d4 e6 2. Nf3 c5 3. g3 cxd4 4. Nxd4 d5 5. Bg2 Nf6 6. O-O e5 7. Nb3 Be6 8. c4
Nc6 9. cxd5 Nxd5 10. Bd2 a5 11. Nc3 a4 12. Nc1 Nxc3 13. Bxc3 f6 14. b4 axb3 15.
Qxd8+ Kxd8 16. Nxb3 Kc7 17. Bxc6 bxc6 18. Ba5+ Kc8 19. Rfc1 Bd5 20. Rc2 Kd7 21.
Nc5+ Bxc5 22. Rxc5 Rhb8 23. a3 Rb3 24. f3 f5 25. Rd1 Rxa3 26. Bc3 R8a4 27. Bxe5
Re3 28. Ra1 Rb4 29. Bxg7 Rxe2 30. Rf1 Rb3 31. Rc3 Rbb2 0-1

[Event "Bundesliga 2021-22"]
[Site "Berlin GER"]
[Date "2022.07.07"]
[Round "11.7"]
[Board "3"]
[White "Shirov, Alexei"]
[Black "Ernst, Sipke"]
[Result "1/2-1/2"]
[WhiteTitle "GM"]
[BlackTitle "GM"]
[WhiteElo "2691"]
[BlackElo "2537"]
[WhiteTeam "OSG Baden-Baden"]
[BlackTeam "Hamburger SK"]
[WhiteFideId "2209390"]
[BlackFideId "1004689"]
[EventDate "2022.03.05"]

1. d4 d5 2. c4 e6 3. Nf3 a6 4. cxd5 exd5 5. Nc3 h6 6. e4 dxe4 7. Ne5 Be6 8. d5
Bf5 9. g4 Bc8 10. h4 Nd7 11. Nxd7 Bxd7 12. Bg2 f5 13. gxf5 Nf6 14. Nxe4 Bxf5 15.
Ng3 Bg4 16. Qd4 Bd6 17. O-O O-O 18. Bf4 Bxf4 19. Qxf4 Qd6 20. Qxd6 cxd6 21. a4
Rac8 22. Ra3 Rc4 23. Re1 Bd7 24. Rb3 b5 25. axb5 axb5 26. Ra3 Rxh4 27. Ra6 Rb4
28. Rxd6 Rxb2 29. Ne4 Bf5 30. Nxf6+ Rxf6 31. Rxf6 gxf6 32. Re7 b4 33. Rb7 b3 34.
d6 Rd2 35. Rxb3 Rxd6 36. Rb7 Be6 37. Rc7 Bf7 38. Bf3 Rb6 39. Kg2 Rb4 40. Rd7 Rb5
41. Rc7 Re5 42. Kf1 Kg7 43. Be2 Kf8 44. Rc8+ Be8 45. Rc7 Bg6 46. f4 Re4 47. Rc4
Re7 48. Kf2 Ra7 49. Bf3 Kg7 50. Rb4 Ra2+ 51. Kg3 Ra3 52. Rb7+ Kf8 1/2-1/2

[Event "Bundesliga 2021-22"]
[Site "Berlin GER"]
[Date "2022.07.07"]
[Round "11.7"]
[Board "4"]
[White "Svane, Frederik"]
[Black "Adams, Michael"]
[Result "1-0"]
[WhiteTitle "IM"]
[BlackTitle "GM"]
[WhiteElo "2496"]
[BlackElo "2698"]
[WhiteTeam "Hamburger SK"]
[BlackTeam "OSG Baden-Baden"]
[WhiteFideId "12923044"]
[BlackFideId "400041"]
[EventDate "2022.03.05"]

1. e4 e5 2. Nf3 Nc6 3. Bb5 a6 4. Ba4 Nf6 5. O-O Be7 6. Re1 b5 7. Bb3 O-O 8. h3
Bb7 9. d3 Re8 10. Nc3 d6 11. a3 Qd7 12. Bd2 Nd8 13. Nd5 Nxd5 14. exd5 f6 15. c4
Nf7 16. Rc1 Bf8 17. Ba5 c5 18. dxc6 Bxc6 19. d4 Rec8 20. dxe5 dxe5 21. c5 Qb7
22. Nh4 g6 23. Qg4 Bd7 24. Qg3 Kg7 25. Bb6 Ng5 26. Rxe5 Ne4 27. Qf4 fxe5 28.
Qf7+ Kh6 29. Bd5 Bc6 30. Qxb7 Bxb7 31. Bxb7 Rab8 32. Bxc8 Rxc8 33. Nf3 Bxc5 34.
Kf1 Rc6 35. Bxc5 Rxc5 36. Rxc5 Nxc5 37. Nxe5 Kg5 38. Ke2 Kf5 39. Nd3 Nb3 40. Ke3
h5 41. Nb4 Nc5 42. Nc6 Na4 43. b3 Nc5 44. b4 Nd7 45. Kd4 g5 46. Ne7+ Ke6 47. Nd5
Kd6 48. Nc3 Ke6 49. Ne4 Kf5 50. Nc5 Nf8 51. Nxa6 Ne6+ 52. Ke3 Nf4 53. g4+ 1-0

[Event "Bundesliga 2021-22"]
[Site "Berlin GER"]
[Date "2022.07.07"]
[Round "11.7"]
[Board "5"]
[White "Wojtaszek, Radoslaw"]
[Black "Heinemann, Thies"]
[Result "1-0"]
[WhiteTitle "GM"]
[BlackTitle "GM"]
[WhiteElo "2694"]
[BlackElo "2495"]
[WhiteTeam "OSG Baden-Baden"]
[BlackTeam "Hamburger SK"]
[WhiteFideId "1118358"]
[BlackFideId "4601556"]
[EventDate "2022.03.05"]

1. d4 Nf6 2. c4 e6 3. Nf3 b6 4. g3 Ba6 5. b3 b5 6. Qc2 bxc4 7. bxc4 c5 8. d5 d6
9. dxe6 fxe6 10. Bh3 d5 11. Bxe6 Bxc4 12. Ne5 Qa5+ 13. Nd2 Ba6 14. O-O c4 15.
Bf7+ Kd8 16. Ndf3 Bb7 17. Rb1 Qa6 18. Qb2 Kc7 19. Bf4 Bd6 20. Nd4 Bxe5 21. Bxe5+
Kc8 22. Be6+ Nfd7 23. Nf5 Kd8 24. Bxd7 Nxd7 25. Bxg7 1-0

[Event "Bundesliga 2021-22"]
[Site "Berlin GER"]
[Date "2022.07.07"]
[Round "11.7"]
[Board "6"]
[White "Rogozenco, Dorian"]
[Black "Kasimdzhanov, Rustam"]
[Result "1/2-1/2"]
[WhiteTitle "GM"]
[BlackTitle "GM"]
[WhiteElo "2448"]
[BlackElo "2659"]
[WhiteTeam "Hamburger SK"]
[BlackTeam "OSG Baden-Baden"]
[WhiteFideId "1210319"]
[BlackFideId "14200244"]
[EventDate "2022.03.05"]

1. d4 d5 2. c4 e6 3. Nf3 c5 4. cxd5 exd5 5. Nc3 Nf6 6. Bg5 Be6 7. dxc5 Bxc5 8.
e3 O-O 9. Be2 h6 10. Bh4 Nc6 11. O-O g5 12. Bg3 Nh5 13. Nb5 Nxg3 14. hxg3 Qf6
15. Nfd4 Nxd4 16. Nxd4 Bxd4 17. Qxd4 Qxd4 18. exd4 Rfc8 19. Rfc1 Kf8 20. Kf1 Ke7
21. Ke1 Rxc1+ 22. Rxc1 Rc8 23. Rxc8 1/2-1/2

[Event "Bundesliga 2021-22"]
[Site "Berlin GER"]
[Date "2022.07.07"]
[Round "11.7"]
[Board "7"]
[White "Naiditsch, Arkadij"]
[Black "Sebastian, Dirk"]
[Result "1-0"]
[WhiteTitle "GM"]
[BlackTitle "IM"]
[WhiteElo "2648"]
[BlackElo "2445"]
[WhiteTeam "OSG Baden-Baden"]
[BlackTeam "Hamburger SK"]
[WhiteFideId "4650891"]
[BlackFideId "4637607"]
[EventDate "2022.03.05"]

1. e4 c5 2. Nf3 Nc6 3. Bb5 g6 4. Bxc6 dxc6 5. d3 Bg7 6. h3 Qc7 7. Nc3 e5 8. Be3
b6 9. Qd2 h6 10. Nh2 Be6 11. f4 Ne7 12. O-O exf4 13. Bxf4 Qd7 14. Nf3 g5 15. Bh2
Ng6 16. Kh1 O-O 17. g4 Rad8 18. Rad1 Qb7 19. b3 c4 20. bxc4 Bxc4 21. Ne2 c5 22.
Ng3 Be6 23. Nf5 c4 24. h4 cxd3 25. cxd3 Bxf5 26. gxf5 g4 27. Ne1 Nxh4 28. Bg3
Nf3 29. Nxf3 gxf3 30. Rxf3 Kh7 31. f6 Bh8 32. Rg1 Qd7 33. Rf2 Bxf6 34. Rxf6 Qh3+
35. Qh2 Qxh2+ 36. Kxh2 Rxd3 37. Bf4 1-0

[Event "Bundesliga 2021-22"]
[Site "Berlin GER"]
[Date "2022.07.07"]
[Round "11.7"]
[Board "8"]
[White "Kramer, Julian"]
[Black "Movsesian, Sergei"]
[Result "1/2-1/2"]
[WhiteTitle "IM"]
[BlackTitle "GM"]
[WhiteElo "2423"]
[BlackElo "2609"]
[WhiteTeam "Hamburger SK"]
[BlackTeam "OSG Baden-Baden"]
[WhiteFideId "12921742"]
[BlackFideId "310204"]
[EventDate "2022.03.05"]

1. e4 c5 2. Nf3 e6 3. d4 cxd4 4. Nxd4 Nc6 5. c4 Nf6 6. Nc3 Bb4 7. Nxc6 bxc6 8.
Bd3 e5 9. O-O O-O 10. Be3 Bxc3 11. bxc3 d6 12. c5 Ng4 13. Bc1 dxc5 14. Qe2 Qh4
15. h3 Nf6 16. Re1 Rd8 17. Bc4 Rd6 18. Qf3 Be6 19. Bxe6 Rxe6 20. Qf5 g6 21. Qf3
Rd8 1/2-1/2

[Event "Bundesliga 2021-22"]
[Site "Berlin GER"]
[Date "2022.07.07"]
[Round "11.8"]
[Board "1"]
[White "Keymer, Vincent"]
[Black "Niemann, Hans Moke"]
[Result "1/2-1/2"]
[WhiteTitle "GM"]
[BlackTitle "GM"]
[WhiteElo "2655"]
[BlackElo "2642"]
[WhiteTeam "Schachfreunde Deizisau"]
[BlackTeam "SK Doppelbauer Turm Kiel"]
[WhiteFideId "12940690"]
[BlackFideId "2093596"]
[EventDate "2022.03.05"]

1. Nf3 Nf6 2. c4 e6 3. b3 d5 4. Bb2 c5 5. e3 Nc6 6. cxd5 exd5 7. Be2 d4 8. exd4
Nxd4 9. O-O Be7 10. Nxd4 cxd4 11. Na3 O-O 12. Rc1 a6 13. Bf3 Rb8 14. Nc4 Be6 15.
Re1 Re8 16. a3 Bf8 17. d3 g6 18. Qd2 Bg7 19. Qa5 Nd5 20. Qxd8 Rexd8 21. Na5 Bf5
22. g3 Bh6 23. Rc5 Be6 24. Rc2 Nc3 25. Bxb7 Bxb3 26. Nxb3 Rxb7 27. Na5 Rc7 28.
Nc4 Na4 29. Rce2 Bf8 30. Bc1 Nc5 31. Bg5 Rd5 32. Bf4 Rc6 33. Re8 g5 34. R1e5
Rxe5 35. Nxe5 Re6 36. Rxe6 Nxe6 37. Bc1 f6 38. Nd7 Kf7 39. Kf1 Ke7 40. Nb6 Kd6
41. Ke2 Kc6 42. Nc4 Kb5 43. Kd1 g4 44. Kc2 a5 45. Bd2 a4 46. Bc1 Nc5 47. Bb2 Ne6
48. Kd1 Kc5 49. Bc1 Kc6 50. Ke2 h5 51. f3 Nc5 52. fxg4 hxg4 53. Bd2 Nd7 54. Bf4
Kd5 55. Kd1 Ne5 56. Bxe5 fxe5 57. Kc2 Bc5 58. Nb2 Bxa3 59. Nxa4 Kc6 60. Kb3 Bc1
61. Kc4 Ba3 1/2-1/2

[Event "Bundesliga 2021-22"]
[Site "Berlin GER"]
[Date "2022.07.07"]
[Round "11.8"]
[Board "2"]
[White "Bjerre, Jonas Buhl"]
[Black "Bluebaum, Matthias"]
[Result "1/2-1/2"]
[WhiteTitle "GM"]
[BlackTitle "GM"]
[WhiteElo "2601"]
[BlackElo "2642"]
[WhiteTeam "SK Doppelbauer Turm Kiel"]
[BlackTeam "Schachfreunde Deizisau"]
[WhiteFideId "1444948"]
[BlackFideId "24651516"]
[EventDate "2022.03.05"]

1. d4 Nf6 2. c4 e6 3. Nf3 d5 4. Nc3 Bb4 5. Qa4+ Nc6 6. e3 O-O 7. Bd2 dxc4 8.
Bxc4 Bd6 9. Qc2 e5 10. dxe5 Nxe5 11. Nxe5 Bxe5 12. O-O c6 13. h3 Bc7 14. Rad1
Qe7 15. Bd3 Be6 16. Ne2 Rad8 17. Bc3 h6 18. Nd4 Bc8 19. Bf5 Qe5 20. g3 Bxf5 21.
Nxf5 Qe6 22. g4 Be5 23. Nd4 Bxd4 24. Rxd4 Rxd4 25. Bxd4 Nxg4 26. hxg4 Qxg4+ 27.
Kh2 Qh4+ 28. Kg2 Qg4+ 29. Kh2 Qh4+ 1/2-1/2

[Event "Bundesliga 2021-22"]
[Site "Berlin GER"]
[Date "2022.07.07"]
[Round "11.8"]
[Board "3"]
[White "Kamsky, Gata"]
[Black "Gavrilescu, David"]
[Result "1/2-1/2"]
[WhiteTitle "GM"]
[BlackTitle "IM"]
[WhiteElo "2658"]
[BlackElo "2512"]
[WhiteTeam "Schachfreunde Deizisau"]
[BlackTeam "SK Doppelbauer Turm Kiel"]
[WhiteFideId "2000024"]
[BlackFideId "1227190"]
[EventDate "2022.03.05"]

1. e4 e6 2. d4 d5 3. Nc3 Nf6 4. e5 Nfd7 5. f4 c5 6. Nf3 Nc6 7. Ne2 Qb6 8. c3 f6
9. a3 Be7 10. g3 cxd4 11. exf6 Nxf6 12. Nexd4 O-O 13. Bg2 Ne4 14. Qb3 Qxb3 15.
Nxb3 b6 16. O-O Ba6 17. Re1 Rae8 18. Be3 Bd6 19. Rad1 h6 20. Nfd4 Nxd4 21. Nxd4
g5 22. fxg5 hxg5 23. a4 Bc5 24. Bxe4 dxe4 25. Nb5 Bxb5 26. axb5 Rc8 27. Bxc5
Rxc5 28. Rxe4 Rxb5 29. b4 Rf6 30. Rd8+ Kg7 31. Rd7+ Rf7 32. Rd6 a5 33. Rexe6
axb4 34. cxb4 Rxb4 35. Rg6+ Kf8 36. Rd8+ Ke7 37. Rb8 Rf6 1/2-1/2

[Event "Bundesliga 2021-22"]
[Site "Berlin GER"]
[Date "2022.07.07"]
[Round "11.8"]
[Board "4"]
[White "Meshkovs, Nikita"]
[Black "Moussard, Jules"]
[Result "1/2-1/2"]
[WhiteTitle "GM"]
[BlackTitle "GM"]
[WhiteElo "2561"]
[BlackElo "2630"]
[WhiteTeam "SK Doppelbauer Turm Kiel"]
[BlackTeam "Schachfreunde Deizisau"]
[WhiteFideId "11602740"]
[BlackFideId "642908"]
[EventDate "2022.03.05"]

1. d4 Nf6 2. c4 e6 3. Nf3 d5 4. g3 Bb4+ 5. Bd2 a5 6. Bg2 O-O 7. Qc2 c5 8. dxc5
d4 9. Bxb4 axb4 10. Ne5 Qc7 11. Nd3 Nc6 12. Nd2 e5 13. Ne4 Nxe4 14. Bxe4 f5 15.
Bd5+ Kh8 16. Qd2 Rd8 17. Nxb4 Ra4 18. Bxc6 bxc6 19. b3 Ra7 20. O-O Be6 21. Qg5
Rf8 22. e3 dxe3 23. fxe3 Rf6 24. Rad1 h6 25. Qh5 Bf7 26. Qe2 Qe7 27. Nd3 e4 28.
Nf4 Qxc5 29. Rd8+ Kh7 30. Qd2 Qa3 31. Rf2 g5 32. Ng2 Qe7 33. Qd4 c5 34. Qd1 Bh5
35. Qd2 Bf7 36. Qd1 Bh5 37. Qd2 Bf7 38. Qd1 1/2-1/2